banner-ar

FLOUR CONFECTIONERY MANUFACTURE / (Record no. 17062)

MARC details
000 -الفاتح
حقل البيانات ثابتة الطول 00350nam a2200133Ia 4500
008 - عناصر البيانات ثابتة الطول - معلومات عامة
حقل البيانات ثابتة الطول 140319s9999 xx 000 0 eng d
040 ## - مصدر الفهرسة
وكالة الفهرسة الأصلية GCL /
وكالة النسخ GCL
082 04 - رقم تصنيف ديوى العشرى
رقم التصنيف 664
رقم المادة S F
100 1# - المدخل الرئيسى - إسم شخصى
الإسم الشخصى STREET, C.A
245 10 - بيان العنوان
العنوان FLOUR CONFECTIONERY MANUFACTURE /
بيان المسئوليه,etc STREET, C.A
260 ## - PUBLICATION, DISTRIBUTION, ETC. (IMPRINT)
تاريخ النشر أو التوزيع 1991
300 ## - الوصف المادى
التعداد 234 PP
260 ## - PUBLICATION, DISTRIBUTION, ETC. (IMPRINT)
-- [S.N] :
-- VAN NOSTRAND REINHOLD ،
Holdings
حالة التراجع حالة الفقد حالة تلف ليس للاعارة المكان المؤقت الموقع الحالى تاريخ الاكتساب اجمالي اﻻعارات رقم الطلب الباركود تاريخ اخر مشاهدة تاريخ تفعيل السعر نوع وعاء كوها
        مكتبة القاهرة الكبرى مكتبة القاهرة الكبرى 03/26/2014   664\S F 30797 03/26/2014 03/26/2014 كتاب

Powered By

EGPV